| 000 | 00399 a2200169 4500 | ||
|---|---|---|---|
| 001 | 185232 | ||
| 020 | _a85-356-1447-8 | ||
| 040 | _cMagnum | ||
| 100 | _aAragão, José Carlos | ||
| 240 | 1 | 0 |
_aO que é que houve, o que é que há? _lpor |
| 245 | 1 | 0 | _aO que é que houve, o que é que há? |
| 300 | _a23 | ||
| 362 | 0 | _a2002 | |
| 440 | 1 | _aPaulinas | |
| 697 | _aLITERATURA INFANTO | ||
| 942 | _cBK | ||
| 999 |
_c185232 _d185232 |
||